000 00946nam a2200205 a 4500
003 BD-JhCC
005 20230613125016.0
008 230613b2005 b ||||| ||a| 00| 0 b d
035 _a(BD-JhCC)
040 _aBD-JhCC
_dBD-JhCC
041 _aeng
082 _a297.63
_bKAN 2005
100 _a কান্ধলবী (রহ),আল্লামা ইদরীস
245 _aসীরাতে সুস্তফা সাল্লাল্লাহু আলাইহি ওয়া সাল্লাম /
_cআল্লামা ইদরীস কান্ধলবী (রহ); মাওলানা আবুল হায়াত মুহাম্মদ তারেক( অনুবাদ)
300 _a440p. :
_c21 cm.
600 _aMuhammad, Prophet
650 _aBiography
700 _aমাওলানা আবুল হায়াত মুহাম্মদ তারেক( অনুবাদ)
942 _2ddc
_cBK
999 _c13012
_d13012